Central Library OPAC University of Rajshahi

غول افلیج یادداشت های سفر امریکا ;; Ġul-e eflīǧ : Yāddāšt-hā-ye safar-e Āmrīkā / (Record no. 78578)

MARC details
000 -LEADER
fixed length control field 00723aaa a2200205 a 4500
001 - CONTROL NUMBER
control field 78578
003 - CONTROL NUMBER IDENTIFIER
rucl marc code BD-RjUL
005 - DATE AND TIME OF LATEST TRANSACTION
control field 20211209083138.0
008 - FIXED-LENGTH DATA ELEMENTS--GENERAL INFORMATION
fixed length control field 211011s19951374ir f|||| |||| 00| 0 per d
035 ## - SYSTEM CONTROL NUMBER
System control number (BD-RjUL)78804
040 ## - CATALOGING SOURCE
Original cataloging agency BD-RjUL
Language of cataloging eng
Transcribing agency BD-RjUL
041 ## - LANGUAGE CODE
Language code of text/sound track or separate title per
082 ## - DEWEY DECIMAL CLASSIFICATION NUMBER
Edition number 23
Classification number 917.3
Author mark and year TOG 1995
100 1# - MAIN ENTRY--PERSONAL NAME
Personal name طلوعی, محمود ;; Toloui, Mahmoud
9 (RLIN) 249062
245 ## - TITLE STATEMENT
Title غول افلیج یادداشت های سفر امریکا ;; Ġul-e eflīǧ : Yāddāšt-hā-ye safar-e Āmrīkā /
Statement of responsibility, etc. محمود طلوعی;; Maḥmūd Ṭulūʻī
260 ## - PUBLICATION, DISTRIBUTION, ETC. (IMPRINT)
Place of publication, distribution, etc. Tehrān :
Name of publisher, distributor, etc. Entešārāt-e ʻElm,
Date of publication, distribution, etc. 1374 [1995]
300 ## - PHYSICAL DESCRIPTION
Pagination 432 p. :
Illustrations ill. ;
Size 23 cm
650 ## - SUBJECT ADDED ENTRY--TOPICAL TERM
Topical term or geographic name as entry element Travel
Geographic subdivision America
9 (RLIN) 249063
942 ## - ADDED ENTRY ELEMENTS (KOHA)
Source of classification or shelving scheme Dewey Decimal Classification
Koha item type Books
Holdings
Lost status Source of classification or shelving scheme Damaged status Not for loan Collection code Permanent Location Current Location Shelving location Date acquired Source of acquisition Total Checkouts Full call number Date last seen Copy number Koha item type
  Dewey Decimal Classification   Not For Loan Non-fiction Central Library, University of Rajshahi Central Library, University of Rajshahi Reading Room 13/08/2007 iran embassy   F 917.3 TOG 1995 11/10/2021 C-1 Books